000 00801nam a2200205 i 4500
001 36953
003 ES-MaACL
005 20250710064916.0
007 t|
008 030219s1905 fr ||||1| fre d
100 1 _aBrunetière, Ferdinand.
_932173
245 1 0 _aÉtudes critiques sur l'histoire de la littérature français.
_nPremière série /
_cpar Ferdinand Brunetière.
250 _a6e éd.
260 _aParis :
_bLibrairie Hachette et Cie.,
_c1905.
300 _a336 p. ;
_c18 cm.
505 8 _aContiene: La Littérature française du Moyen Age. Pascal. Molière. Racine. Voltaire. La Littérature française sous le premier Empire. Le Naturalisme au XVII siècle
650 4 _aLiteratura francesa-
_xHistoria y crítica
_914586
852 _aES-MaACL
_jF-8413
999 _c36953
_d36953